Lagrangian & Hamiltonian Dynamics /

Guardado en:
Detalles Bibliográficos
Autor principal: Mann, Peter (Autor)
Formato: Libro
Lenguaje:inglés
Publicado: Oxford University Press 2018
Edición:1. vyd.
Materias:
Etiquetas: Agregar Etiqueta
Sin Etiquetas, Sea el primero en etiquetar este registro!

MARC

LEADER 00000nam a22000003a 4500
001 0084576
003 SK-STU
005 20201123091528.8
007 ta
008 201123s ----xo-----e------000-0-----d
020 |a 978-0-19-882238-7 
040 |a STU  |b slo 
041 0 |a eng 
044 |a xxk 
100 1 |a Mann, Peter  |4 aut 
245 1 0 |a Lagrangian & Hamiltonian Dynamics /  |c aut. Peter Mann 
250 |a 1. vyd. 
260 |a Oxford  |b University Press  |c 2018 
300 |a 538 s. 
650 0 7 |a Lagrangeova metóda 
650 0 7 |a Hamiltonov systém 
650 0 7 |a teória dynamických systémov 
996 |b 284M088475  |c M* 14385-1  |l MMKN  |s A  |a 24  |w 0084576_0001